FIFA logos - Statistics

General Stats
  • This quiz has been taken 21 times
    17 since last reset
  • The average score is 89 of 132
Answer Stats
Picture Answer % Correct
Albania
88%
Austria
88%
Belgium
88%
Canada
88%
Croatia
88%
Greece
88%
Iran
88%
Italy
88%
Norway
88%
Qatar
88%
Russia
88%
Slovakia
88%
Sweden
88%
Turkey
88%
United States
88%
Argentina
81%
Colombia
81%
Denmark
81%
England
81%
Finland
81%
France
81%
Germany
81%
Jamaica
81%
Netherlands
81%
New Zealand
81%
North Korea
81%
Portugal
81%
Slovenia
81%
Spain
81%
Tunisia
81%
Uruguay
81%
Wales
81%
Brazil
75%
Burkina Faso
75%
Cameroon
75%
China
75%
Cyprus
75%
Ecuador
75%
Equatorial Guinea
75%
Georgia
75%
Ghana
75%
India
75%
Ireland
75%
Japan
75%
Kazakhstan
75%
Lebanon
75%
Mali
75%
Montenegro
75%
Nicaragua
75%
Panama
75%
Papua New Guinea
75%
Peru
75%
Scotland
75%
Senegal
75%
Venezuela
75%
Vietnam
75%
Algeria
69%
Azerbaijan
69%
Belize
69%
Bosnia and Herzegovina
69%
Bulgaria
69%
Chile
69%
Democratic Republic of the Congo
69%
Egypt
69%
Ethiopia
69%
Guinea
69%
Honduras
69%
Hungary
69%
Kosovo
69%
Latvia
69%
Lithuania
69%
Mexico
69%
Morocco
69%
Saudi Arabia
69%
Serbia
69%
Syria
69%
Tanzania
69%
Thailand
69%
Togo
69%
Ukraine
69%
Armenia
63%
Gabon
63%
Iceland
63%
Iraq
63%
Israel
63%
Moldova
63%
Northern Ireland
63%
North Macedonia
63%
Paraguay
63%
Romania
63%
South Korea
63%
Switzerland
63%
Trinidad and Tobago
63%
Uzbekistan
63%
Bahrain
56%
Bolivia
56%
Estonia
56%
Gambia
56%
Guyana
56%
Haiti
56%
Ivory Coast
56%
Kuwait
56%
Liberia
56%
Nigeria
56%
Oman
56%
Palestine
56%
South Africa
56%
Sudan
56%
United Arab Emirates
56%
Angola
50%
Australia
50%
Belarus
50%
Cape Verde
50%
Cuba
50%
Czechia
50%
Jordan
50%
Kyrgyzstan
50%
Luxembourg
50%
Tahiti
50%
Costa Rica
44%
Dominican Republic
44%
Fiji
44%
French Guiana
44%
Philippines
44%
Tajikistan
44%
Benin
38%
El Salvador
38%
Guatemala
38%
Indonesia
38%
Suriname
38%
Guinea Bissau
31%
Puerto Rico
31%
No matching quizzes found
Score Distribution
Percent of People with Each Score
Percentile by Number Answered
Your Score History
You have not taken this quiz since the last reset